The beginning of paramagnetic resonance

Na minha lista:
Detalhes bibliográficos
Autor principal: Kochelaev, B. I. (Boris I.)
Formato: Livro
Publicado em: World Scientific 1995
Tags: Adicionar Tag
Sem tags, seja o primeiro a adicionar uma tag!
Thư viện lưu trữ: Mạng thư viện Đại học Đà Nẵng
LEADER 00582nam a2200229 a 4500
001 000030122
003 25247
005 20171030145630.0
008 171030s1995
040 |a LTT 
082 0 |a 538.36  |b KO-B 
100 1 |a Kochelaev, B. I. (Boris I.) 
245 0 0 |a The beginning of paramagnetic resonance  |c B.I. Kochelaev, Y.V. Yablokov. 
260 |b World Scientific  |c 1995 
500 |a VSVN 
OWN |a LTT 
999 |a From the UDN01 
TYP |a Monograph 
TYP |a Printed language 
980 |a Mạng thư viện Đại học Đà Nẵng